| 000 | 00411nam a22001697a 4500 | ||
|---|---|---|---|
| 999 |
_c8745 _d8745 |
||
| 003 | OSt | ||
| 008 | 200709b ||||| |||| 00| 0 eng d | ||
| 020 | _a9789380725093 | ||
| 082 | _a615.1GHE | ||
| 100 | _aGhooi, Ravindra B. | ||
| 245 | _aEssentials Of Clinical Research | ||
| 250 | _a2019 | ||
| 260 |
_a New Delhi _b Nirali Prakashan |
||
| 300 | _a25.6+R2 | ||
| 650 | _aClinical Pharmacy | ||
| 942 |
_2ddc _cBK |
||